Ateizmus ako presvedčenie

Bibliographic Details
Main Author: Brenkus, Radovan, 1974- (Author)
Format: Article
Language:Slovak
ISSN:1336-6424
Subjects:

MARC

LEADER 00000nab a2200000 ar4500
001 vtls009007486
003 SK-MaSNL
005 20260303065443.0
008 070716c2007 xo qr|p|||||||000 b|slo
015 |a SNBRB2007/07 
038 |a SNKBUCL 
040 |a SNKBUCL  |b slo  |e AACR2  |c SNKBUCL 
041 0 |a slo 
044 |a xo  |c SK 
080 |a 141.45  |2 1997 
100 1 |a Brenkus, Radovan,  |d 1974-   |4 aut  |9 97498 
245 1 0 |a Ateizmus ako presvedčenie  |c Radovan Brenkus 
650 0 7 |a ateizmus  |2 snkbucl  |9 1912 
773 0 |t Prometheus  |g Roč. III, č. 3 (2007), s. 6  |x 1336-6424 
852 |a SNK  |b KIS3GCP 
958 |a SK 
999 |c 1751260  |d 1753190